=LDR 00000nam 2200000 4500 =001 INLIS000000000039439 =005 20210118103956 =035 ##$$a 0010-061300000039439 =008 210118###########################0#ind## =041 ##$$a ind =082 ##$$a 338.04 =090 ##$$a 338.04, sER S.1 =245 ##$$a 101 ++ Ide jitu peluang usaha, Penyunting,Novita =260 ##$$a 2008 :$b Jakarta =300 ##$$a 249 Hlm, Ilus, 22 cm =650 #4$$a KEWIRASWASTAN =700 #$$a NOVIKA =850 ##$$a NBPNMAT